000 005670000a22001810004500
003 MACL
005 20160128135309.0
008 160128b xxu||||| |||| 00| 0 eng d
040 _aMACL
_cMACL
041 _aHindi
082 _a590/KAR
100 _aडॉ एस पी करल
_934644
245 _aवस्‍तुनिष्‍ठ जन्‍तु विज्ञान
260 _bजयप्रकाश नाथ पब्लिकेशन्‍स
_c1994
_aमेरठ
350 _a85
650 _aAnimals
_934923
942 _cHIN
_k590/KAR
_2ddc
999 _c30938
_d30938